000 01244cam a22002774a 4500
001 15629084
005 20090305145151.0
008 090218s2009 dcua b 000 0 eng
020 _a9780821373842
040 _aDLC
_cDLC
082 _222
_a327.09045
_bGLO
245 0 0 _aGlobal Monitoring report :
_bMDGs and the environment : Agenda for inclusive and sustainable develpment /
260 _aWashington, DC :
_bWorld Bank,
_cc.2008.
300 _axv, 180 p. :
_bill. ;
_c27 cm.
504 _aIncludes bibliographical references.
650 0 _aEconomic forecasting
_zDeveloping countries.
_95982
650 0 _aEconomic forecasting.
_95983
650 0 _aEconomic history
_y1990-
_95984
650 0 _aInternational economic relations.
_95985
651 0 _aDeveloping countries
_xEconomic conditions.
_95986
710 2 _aWorld Bank.
_95987
942 _2ddc
_cBB
999 _c11784
_d11784